Vista normal
Vista MARC
- Lenguaje
Entrada Materia
Número de registros utilizados en: 7
001 - NÚMERO DE CONTROL
- campo de control: 1253
003 - IDENTIFICADOR DEL NÚMERO DE CONTROL
- campo de control: ES-MaFIAP
005 - FECHA Y HORA DE LA ÚLTIMA TRANSACCIÓN
- campo de control: 20231011120851.0
008 - DATOS DE LONGITUD FIJA
- campo de control de longitud fija: 231011|| aca||aabn | a|a d
040 ## - FUENTE DE LA CATALOGACIÓN
- Centro catalogador/agencia de origen: ES-MaFIAP
- Centro/agencia transcriptor: ES-MaFIAP
150 ## - ENCABEZAMIENTO--TÉRMINO DE MATERIA
- Término de materia o nombre geográfico como elemento de entrada: Lenguaje
- Subdivisión general: Trastornos
670 ## - FUENTE DE DATOS ENCONTRADOS
- Cita de la fuente: Work cat.: (ES-MaFIAP)308: Maroto Benito, Adelaida XX4773674 1252, Especialización en audición y lenguaje : Módulo IV: Patología de la audición y el lenguaje, 2008





